000 00549nam a22001817a 4500
003 UA-OsUOA
001 15961
007 ta
008 20031214b un ||||| |||| 00| 0 ukr d
100 _aГлущук В.
942 _cSA
040 _aUA-OsUOA
_cUA-OsUOA
_dUA-OsUOA
245 _aЗавжди бажані
_b[Про роботу Рівнен. дирекції УДППЗ "Укрпошта"]
300 _aС.7
955 _a0
773 0 _w0
_tСім днів
_dРівне
_d2003
_g№46/ 14 листоп./
650 7 _aЗв'язок
_2UDC
999 _c302126
_d302126